Subsidiarita nový fenomén ve vývoji EU
Princíp subsidiarity v rámci integračného procesu v Európe. História vývoja subsidiarity ešte pred začatím integračného procesu. Subsidiarita v integračnom procese do prijatia Maastrichtskej zmluvy (1.11.1993). Subsidiarita v Maastrichtskej zmluve. Úloha Európskej komisie každoročne predkladať správ...
Salvato in:
| Autore principale: | |
|---|---|
| Natura: | Capitolo di libro |
| Lingua: | ceco |
| Soggetti: | |
| Tags: |
Nessun Tag, puoi essere il primo ad aggiungerne!!
|
MARC
| LEADER | 00000naa a2200000 4500 | ||
|---|---|---|---|
| 001 | r021507 | ||
| 005 | 20230925111301.9 | ||
| 041 | 0 | |a cze | |
| 044 | |a CZ | ||
| 245 | 1 | 0 | |a Subsidiarita nový fenomén ve vývoji EU |c R. Komínová |
| 520 | |a Princíp subsidiarity v rámci integračného procesu v Európe. História vývoja subsidiarity ešte pred začatím integračného procesu. Subsidiarita v integračnom procese do prijatia Maastrichtskej zmluvy (1.11.1993). Subsidiarita v Maastrichtskej zmluve. Úloha Európskej komisie každoročne predkladať správu o aplikácii princípu subsidiarity v praxi EÚ. Subsidiarita a členské štáty EÚ. Subsidiarita a ČR. | ||
| 610 | 2 | 0 | |a subsidiarita |
| 610 | 2 | 0 | |a Európska únia |
| 610 | 2 | 0 | |a integrácia |
| 610 | 2 | 0 | |a Európa |
| 610 | 2 | 0 | |a história |
| 610 | 2 | 0 | |a Česko |
| 100 | 1 | |a Komínová, R. | |